Nová evanjelická postila : zbierka kázní na slobodne volené texty na všetky nedele a sviatky cirkevného roku /

Hlavní autor: Michalko, Ján, 1912-1990
Jazyk: Slovenština
Vydáno: Bratislava : Cirkevné nakladateľstvo, 1988
Fyzický popis: 239 s.
Knihy
Uloženo v:
LEADER 00698nam a2200193 a 4500
001 000351248
003 CZ BrMZK
005 20050110102936.0
007 ta
008 980105s1988 xo f slo d
040 |a BOA001  |b cze 
080 |a 252:284.2(081)  |2 MRF 
100 1 |a Michalko, Ján,  |d 1912-1990  |7 jx20040726051  |4 aut 
245 1 0 |a Nová evanjelická postila :  |b zbierka kázní na slobodne volené texty na všetky nedele a sviatky cirkevného roku /  |c Zost. Ján Michalko. 
260 |a Bratislava :  |b Cirkevné nakladateľstvo,  |c 1988 
300 |a 239 s. 
910 |a BOA001  |b 2-0939.716 
990 |a BK 
996 7 |b 2619781274  |c 2-0939.716  |l MZK  |r Sklad / do 1 hodiny  |n 0  |w 000351248  |u 000010  |a 1  |e BOA001  |j MZK50  |s A